The art of hearing hearbeats / (Record no. 100099)

MARC details
000 -LEADER
fixed length control field 00805nam a22002177a 4500
005 - DATE AND TIME OF LATEST TRANSACTION
control field 20170501161308.0
010 ## - LCCN (DPL NO)
LC control number ENG-115169
020 ## - INTERNATIONAL STANDARD BOOK NUMBER
International Standard Book Number 9789385288081
Terms of availability 350.00
035 ## - SYSTEM CONTROL NUMBER
System control number EN-98701
035 ## - SYSTEM CONTROL NUMBER
System control number B-666119
037 ## - SOURCE OF ACQUISITION
Source of stock number/acquisition DBAD/PUB
082 ## - DEWEY DECIMAL CLASSIFICATION NUMBER
Classification number N
100 ## - MAIN ENTRY--PERSONAL NAME
Personal name Sendker, Jan-Philipp
245 ## - TITLE STATEMENT
Title The art of hearing hearbeats /
Statement of responsibility, etc by Jan-Philipp Sendker ; translated from the German by Kevin Wiliarty
260 ## - PUBLICATION, DISTRIBUTION, ETC. (IMPRINT)
Place of publication, distribution, etc New Delhi
Name of publisher, distributor, etc Speaking Tiger
Date of publication, distribution, etc 2015
270 ## - ADDRESS
Address 4381/4,Ansari Road, Daryaganj,
City New Delhi
Postal code 10002
300 ## - PHYSICAL DESCRIPTION
Extent 325p.
Dimensions 22cm(pbk)
700 ## - ADDED ENTRY--PERSONAL NAME
Personal name Wiliarty, Kelvin
942 ## - ADDED ENTRY ELEMENTS (KOHA)
Source of classification or shelving scheme Dewey Decimal Classification
Item type English Books
Call number suffix SEN
Classification part N
Holdings
Withdrawn status Lost status Not for loan Collection code Home library Current library Date acquired Source of acquisition Cost, normal purchase price Full call number Barcode Copy number Cost, replacement price Koha item type
      Fiction Ashok Vihar Ashok Vihar 01/05/2017 BPPD/EN/2016-17/AV/16-17/399/15.02.2017/558/28.02.2017/10.03.2017 350.00 N SEN B-666119 1 350.00 English Books
    Not For Loan Fiction D.B.Act.Division Bawana 27/05/2016 DBAD/PUB 350.00 N SEN EN-98701 1 350.00 English Books

© Delhi Public Library
Hit Counter
free hit counter